Manuel commercial franco-espagnol et hispano-francais

Saved in:
Bibliografiske detaljer
Hovedforfatter: Alaux, Th (Author)
Format: Bog
Sprog:spansk
fransk
Udgivet: París Garnier Freres 1923
Fag:
Tags: Tilføj Tag
Ingen Tags, Vær først til at tagge denne postø!

MARC

LEADER 00000nam a2200000 a 4500
001 UCI6067
003 CL-VaPUC
008 080418e19230000FR |||||||||||||||||spa|d
041 0 7 |a spa  |2 CL-VaPUC 
041 0 7 |a fre  |2 CL-VaPUC 
082 0 4 |a 380  |b ALA  |2 21 
100 0 |a Alaux, Th  |e author  |9 528780 
245 1 0 |a Manuel commercial franco-espagnol et hispano-francais 
300 |a 208 p 
942 |c BK 
945 |d 20080418 00:00:00  |a rbrito 
260 |a París  |b Garnier Freres  |c 1923 
500 |a Donación Padres Capuchinos 
650 0 |a Comercio  |9 255341 
650 7 |a MODISMOS COMERCIALES  |2 CL-VaPUC  |9 528781 
650 0 |a Aduanas  |9 255492 
650 7 |a IMPORTACIONES  |2 CL-VaPUC  |9 359079 
650 7 |a EXPORTACIONES SISTEMAS MONETARIOS  |2 CL-VaPUC  |9 528782 
650 7 |a EXPORTACIONES  |2 CL-VaPUC  |9 255382 
650 7 |a SISTEMAS MONETARIOS  |2 CL-VaPUC  |9 342366 
583 |a last modification  |c 20080418 00:00:00  |k Rodrigo Vera 
999 |c 329670  |d 329668 
952 |0 0  |1 0  |4 0  |6 380_000000000000000_ALA_1923  |7 0  |8 X  |9 414656  |a FDOBUD  |b FDOBUD  |d 2019-11-22  |i 4407520  |o 380 ALA 1923  |p 4407520  |r 2019-11-22  |w 2019-11-22  |y BK_X  |k BUD